From pluralism to separatism: (Record no. 52712)

MARC details
000 -LEADER
fixed length control field 00998nam a22002297a 4500
005 - DATE AND TIME OF LATEST TRANSACTION
control field 20110603102325.0
010 ## - LCCN (DPL NO)
LC control number B-430985
020 ## - INTERNATIONAL STANDARD BOOK NUMBER
Terms of availability 375.00
International Standard Book Number 019569323X
020 ## - INTERNATIONAL STANDARD BOOK NUMBER
Terms of availability 9780195693232
International Standard Book Number 375.00
035 ## - SYSTEM CONTROL NUMBER
System control number B-430985
037 ## - SOURCE OF ACQUISITION
Source of stock number/acquisition Allied Publishers/VEN
082 00 - DEWEY DECIMAL CLASSIFICATION NUMBER
Classification number 954.120350922
100 ## - MAIN ENTRY--PERSONAL NAME
Personal name Hasan, Mushirul
245 10 - TITLE STATEMENT
Title From pluralism to separatism:
Statement of responsibility, etc by Mushirul Hasan
Remainder of title qasbas in colonial Awadh/
260 ## - PUBLICATION, DISTRIBUTION, ETC. (IMPRINT)
Place of publication, distribution, etc New Delhi
Name of publisher, distributor, etc Oxford University Press
Date of publication, distribution, etc 2008
270 ## - ADDRESS
City New Delhi
Postal code 110 001
Address YMCA Library Building, Jai Singh Road
300 ## - PHYSICAL DESCRIPTION
Extent 334p.
Dimensions 22cm (pbk )
500 ## - GENERAL NOTE
General note Includes index,
942 ## - ADDED ENTRY ELEMENTS (KOHA)
Institution code [OBSOLETE] dpl
Item type English Books
Source of classification or shelving scheme Dewey Decimal Classification
Classification part 954.120350922
Call number suffix HAS
Holdings
Withdrawn status Lost status Not for loan Collection code Home library Current library Date acquired Source of acquisition Cost, normal purchase price Full call number Barcode Copy number Cost, replacement price Koha item type
      Non-fiction Central Library Central Library 30/06/2011 Allied Pub/2951/29.3.11/78/14.3.11/31.3.11 375.00 954.120350922 HAS B-430985 1 375.00 English Books

© Delhi Public Library
Hit Counter
free hit counter